|
|
|
|
| LEADER |
00000nam a2200000 i 4500 |
| 001 |
DIGBRUJ189 |
| 003 |
NyNyDIG |
| 008 |
200710s2016 ag ob 000 0 spa d |
| 006 |
m o d |
| 007 |
cr ||||||||||| |
| 035 |
|
|
|a (OCoLC)1184461386
|
| 040 |
|
|
|a DGITA
|b eng
|e rda
|e pn
|c DGITA
|
| 020 |
|
|
|a 9789871925834
|q digital
|
| 020 |
|
|
|a 9871925832
|q digital
|
| 020 |
|
|
|z 9789871925452
|
| 020 |
|
|
|z 987192545X
|
| 050 |
1 |
4 |
|a KZ7495 ebook
|
| 082 |
0 |
4 |
|a 341.67
|
| 245 |
0 |
0 |
|a Conmemoración de la Carta Magna de Naciones Unidas para las Víctimas, 1985-2015 /
|c dirección, Hilda Marchiori ; colaboradores, Judith Biodo, Verónica Bouvier, Wilfrido Pérez, María Belén Aguilera.
|
| 246 |
3 |
|
|a Victimología
|
| 250 |
|
|
|a 1º edición.
|
| 264 |
|
1 |
|a Córdoba, Argentina :
|b Encuentro Grupo Editor,
|c [2016]
|
| 300 |
|
|
|a 1 online resource.
|
| 336 |
|
|
|a text
|b txt
|2 rdacontent
|
| 337 |
|
|
|a computer
|b c
|2 rdamedia
|
| 338 |
|
|
|a online resource
|b cr
|2 rdacarrier
|
| 347 |
|
|
|a text file
|2 rdaft
|
| 347 |
|
|
|b PDF
|
| 490 |
1 |
|
|a Serie Victimología ;
|v 18
|
| 504 |
|
|
|a Includes bibliographical references.
|
| 588 |
0 |
|
|a Online resource; title from PDF title page (Digitalia, viewed July 10, 2020)
|
| 650 |
|
0 |
|a Victims of crimes.
|
| 650 |
|
0 |
|a Victims
|x Legal status, laws, etc.
|
| 650 |
|
0 |
|a Criminals
|x Rehabilitation.
|
| 655 |
|
0 |
|a Electronic books.
|
| 700 |
1 |
|
|a Marchiori, Hilda,
|e editor.
|
| 700 |
1 |
|
|a Biodo, Judith,
|e author.
|
| 700 |
1 |
|
|a Bouvier, Verónica,
|e author.
|
| 700 |
1 |
|
|a Pérez, Wilfrido,
|e author.
|
| 700 |
1 |
|
|a Aguilera, María Belén,
|e author.
|
| 791 |
2 |
|
|a Digitalia (Firm),
|e distributor.
|
| 793 |
0 |
|
|g Digitalia eBook Collection:
|a Editorial Brujas
|
| 776 |
0 |
8 |
|i Print version:
|t Conmemoración de la Carta Magna de Naciones Unidas para las Víctimas, 1985-2015.
|d Córdoba, Argentina : Encuentro Grupo Editor, ©2016
|z 9789871925452
|
| 830 |
|
0 |
|a Serie Victimología ;
|v 18.
|
| 856 |
4 |
0 |
|3 Digitalia Hispánica
|u https://www.digitaliapublishing.com/a/41880/
|
| 910 |
|
|
|a Premium collection: 2020
|